[Event "ROM-ch U10 Girls"]
[Site "Calimanesti Caciulata"]
[Date "2019.04.21"]
[Round "8.14"]
[White "Gheorghe, Raisa Maria"]
[Black "Georgescu, Andreea Elena"]
[Result "1-0"]
[WhiteElo "1020"]
[BlackElo "1001"]
[PlyCount "45"]
[EventDate "2019.04.15"]
[EventType "swiss"]
[EventRounds "9"]
[EventCountry "ROU"]
[SourceTitle "EXT 2024"]
[Source "ChessBase"]
[SourceDate "2023.10.10"]
[SourceVersion "1"]
[SourceVersionDate "2023.10.10"]
[SourceQuality "1"]

1. e4 e5 2. Nf3 Nc6 3. d4 exd4 4. Nxd4 d5 5. exd5 Qxd5 6. Be3 Bc5 7. Nc3 Qd6 8. Nxc6 Qxd1+ 9. Rxd1 bxc6 10. Bxc5 Rb8 11. b3 a6 12. Bc4 a5 13. 0-0 Bf5 14. Rfe1+ Be6 15. Bxe6 fxe6 16. Rxe6+ Kf7 17. Rxc6 Rc8 18. Rd7+ Ke8 19. Rxg7 Kd8 20. Nb5 Ke8 21. Nxc7+ Kd8 22. Ne6+ Ke8 23. Rxc8# 1-0

[Event "ROM-ch U10 Girls"]
[Site "Calimanesti Caciulata"]
[Date "2019.04.20"]
[Round "7.18"]
[White "Georgescu, Andreea Elena"]
[Black "Andreica, Alesia"]
[Result "1-0"]
[WhiteElo "1001"]
[BlackElo "1001"]
[PlyCount "157"]
[EventDate "2019.04.15"]
[EventType "swiss"]
[EventRounds "9"]
[EventCountry "ROU"]
[SourceTitle "EXT 2024"]
[Source "ChessBase"]
[SourceDate "2023.10.10"]
[SourceVersion "1"]
[SourceVersionDate "2023.10.10"]
[SourceQuality "1"]

1. e4 e5 2. Nf3 Nc6 3. Bc4 Nf6 4. Ng5 Nxe4 5. Nxf7 Qf6 6. Qf3 Rg8 7. Qxf6 Nxf6 8. Ng5 d5 9. Bb3 Nb4 10. d3 Bf5 11. a3 Nc6 12. Nc3 0-0-0 13. 0-0 h6 14. Nf3 Rh8 15. Rd1 Nd4 16. Nxe5 Nxb3 17. cxb3 d4 18. Ne2 Bc5 19. Nf7 Rde8 20. b4 Rhf8 21. Re1 Bd6 22. Nxd6+ cxd6 23. Bf4 d5 24. Bd6 Rf7 25. Nxd4 Rxe1+ 26. Rxe1 Bxd3 27. Rd1 Be4 28. Rc1+ Kd8 29. Bg3 Nh5 30. f3 Bg6 31. Bh4+ Kd7 32. Rc5 Kd6 33. Ra5 Rf4 34. Bf2 a6 35. g4 Nf6 36. Bg3 Ke5 37. Bxf4+ Kxf4 38. Kf2 Ke5 39. Ne2 Kd6 40. b5 axb5 41. Rxb5 Kc6 42. Rb3 Kc5 43. Rxb7 Kc4 44. a4 Kd3 45. Nf4+ Kd4 46. Nxg6 Kd3 47. a5 d4 48. a6 Kc2 49. a7 d3 50. a8Q d2 51. Rd7 Nxd7 52. Qa4+ Kc1 53. Qc4+ Kxb2 54. Ke2 Nb6 55. Qc6 Na4 56. Kxd2 Ka3 57. h4 Kb4 58. g5 h5 59. Qd7 Nc5 60. Qxg7 Nb3+ 61. Ke3 Nc5 62. f4 Ne6 63. Qh7 Nd8 64. Qe7+ Kc3 65. Qxd8 Kc2 66. f5 Kc1 67. f6 Kb2 68. f7 Kb3 69. f8R Kc4 70. Kf3 Kc5 71. Rf4 Kc6 72. Qe8+ Kd6 73. Qa8 Ke6 74. Qe8+ Kd5 75. Rf7 Kd6 76. Rd7+ Kc6 77. Qc8+ Kb6 78. Rb7+ Ka5 79. Qa8# 1-0